000 00628nam a22001937a 4500
005 20140905110223.0
010 _aENG-110749
020 _a9788183875639
_c595.00
035 _aEN-94281
037 _bDBAD/PUB
082 _a303.3720954
100 _aMuzafer Assadi
245 _aSocial justice, law and human rights /
_cby Muzafer Assadi
260 _aNew Delhi
_bSerials Publications
_c2012
270 _a4830/24, Prahlad Street, Ansari Road, Darya Ganj
_bNew Delhi
_e110002
300 _a152p.
_c24cm(Hb)
500 _aIncludes bibliographical references and index
942 _2ddc
_cEN
_h303.3720954
_mMUZ
999 _c88311
_d88311